Complete poems of Hart Crane
Saved in:
| Main Author: | |
|---|---|
| Format: | Electronic |
| Language: | English |
| Published: |
[Alexandria, Va.] :
Chadwyck-Healey,
c1998.
|
| Online Access: | Access restricted ; authentication may be required: |
| Tags: |
Add Tag
No Tags, Be the first to tag this record!
|
| LEADER | 01555nad a22003137i 4500 | ||
|---|---|---|---|
| 001 | MIU01-004238564 | ||
| 003 | MiU | ||
| 005 | 20020422000000.0 | ||
| 006 | m e m ||||| | ||
| 007 | cr mn mmmmuuuu | ||
| 008 | 020422r19981986vau s 001 p eng d | ||
| 035 | |a (AMPO20)ap20-AM22123 | ||
| 038 | |a MiU | ||
| 040 | |a EYM |c EYM | ||
| 049 | |a EY2L | ||
| 059 | |a NO EXPORT: ALL | ||
| 090 | |a PS3505.R272 |b (INTERNET) | ||
| 099 | |a See URL for access | ||
| 100 | 1 | |a Crane, Hart, |d 1899-1932. | |
| 240 | 1 | 0 | |a Works. |f 1986 |
| 245 | 1 | 0 | |a Complete poems of Hart Crane |h [electronic resource]. |
| 260 | |a [Alexandria, Va.] : |b Chadwyck-Healey, |c c1998. | ||
| 516 | |a Text (SGML/HTML) | ||
| 534 | |p Transcribed from: |t Complete poems of Hart Crane. |c New York : Liveright, c1986. |e xliv, 269 p. | ||
| 538 | |a Mode of access: Intranet. | ||
| 540 | |a Available for non-commercial, internal use by students, staff, and faculty for academic and research purposes only. | ||
| 588 | |a This bibliographic record is available under the Creative Commons CC0 public domain dedication. The University of Michigan Libraries, as creator of this bibliographic record, has waived all rights to it worldwide under copyright law, including all related and neighboring rights, to the extent allowed by law. | ||
| 773 | 0 | |t Database of Twentieth century American poetry. |d [Alexandria, Va.] : Chadwyck-Healey, Inc., c1998. |n URL: http://ets.umdl.umich.edu/a/ampo20/ | |
| 856 | 4 | 0 | |z Access restricted ; authentication may be required: |u http://ets.umdl.umich.edu/cgi/t/text/text-idx?c=ampo20;idno=AM22123 |